Accounting for managers : (Record no. 345137)
[ view plain ]
| 000 -LEADER | |
|---|---|
| fixed length control field | 01158 a2200205 4500 |
| 020 ## - INTERNATIONAL STANDARD BOOK NUMBER | |
| International Standard Book Number | 0324291213 |
| 020 ## - INTERNATIONAL STANDARD BOOK NUMBER | |
| International Standard Book Number | 9780324291216 |
| 082 04 - DEWEY DECIMAL CLASSIFICATION NUMBER | |
| Classification number | 658.1511 |
| 090 ## - LOCALLY ASSIGNED LC-TYPE CALL NUMBER (OCLC); LOCAL CALL NUMBER (RLIN) | |
| -- | 2644 |
| -- | 2644 |
| 100 1# - MAIN ENTRY--PERSONAL NAME | |
| Personal name | Bruns, William J. |
| 245 10 - TITLE STATEMENT | |
| Title | Accounting for managers : |
| Remainder of title | text and cases / |
| Statement of responsibility, etc. | William J. Bruns. |
| 250 ## - EDITION STATEMENT | |
| Edition statement | 3nd ed. |
| 260 ## - PUBLICATION, DISTRIBUTION, ETC. | |
| Place of publication, distribution, etc. | [S.l.] : |
| Name of publisher, distributor, etc. | South-Western College Pub, |
| Date of publication, distribution, etc. | 2004. |
| 300 ## - PHYSICAL DESCRIPTION | |
| Extent | 576 p. ; |
| Dimensions | 24 cm. |
| 500 ## - GENERAL NOTE | |
| General note | Hardcover. |
| 520 ## - SUMMARY, ETC. | |
| Summary, etc. | ACCOUNTING FOR MANAGERS does not ask the student to know everything an accountant would know, it does introduce them to the terminology, forms, and formats of financial statements and accounting analyses and illustrations used by accountants. This highly touted text, using the Harvard Case Method, will prepare your students to deal with the current and future developments that face accountants and managers in situations where complex financial events and status must be communicated. |
| 856 40 - ELECTRONIC LOCATION AND ACCESS | |
| Materials specified | Amazon.com |
| Uniform Resource Identifier | <a href="http://www.amazon.com/exec/obidos/ASIN/0324291213/chopaconline-20">http://www.amazon.com/exec/obidos/ASIN/0324291213/chopaconline-20</a> |
| 856 40 - ELECTRONIC LOCATION AND ACCESS | |
| Materials specified | Amazon customer reviews |
| Uniform Resource Identifier | <a href="http://www.chopac.org/cgi-bin/tools/azrev.pl?q=0324291213">http://www.chopac.org/cgi-bin/tools/azrev.pl?q=0324291213</a> |
| 942 ## - ADDED ENTRY ELEMENTS (KOHA) | |
| Institution code [OBSOLETE] | NBS |
| Koha item type | Book |
| Call number prefix | 658.1511 BRU |
| Withdrawn status | Lost status | Damaged status | Not for loan | Permanent Location | Current Location | Date acquired | Total Checkouts | Full call number | Barcode | Date last seen | Price effective from | Koha item type |
|---|---|---|---|---|---|---|---|---|---|---|---|---|
| Central Library (CL) | Central Library (CL) | 08/28/2013 | 658.1511 BRU | NBS8034 | 08/28/2013 | 08/28/2013 | Book |
